000 00349nam a2200133Ia 4500
008 240624s9999 xx 000 0 und d
041 _aeng
082 _a657.3 PEN
100 _aPENDSE
245 _aBUSINESS ANALYSIS VISUALIZING BUSINESS P
260 _c2008
_aNew Delhi
_bPrentice-Hall of India
300 _a255 : p. : cm. ; 21
365 _cRS
_b36
999 _c12918
_d12918